Statistics for Donna Summer Quiz

Click here to take the quiz!

General Stats

  • This quiz has been taken 56 times
  • The average score is 6 of 10

Answer Stats

QuestionAnswer% Correct
Her nickname: Queen of _____Disco
92%
"No More Tears" was a duet with this singerBarbra Streisand
74%
Year she died2012
64%
Her third Billboard number 1Bad Girls
59%
Her real first nameLaDonna
59%
Her second Billboard number 1Hot Stuff
56%
Her first albumLady of the Night
46%
Number of singles she scored on the U.S. Billboard Hot 10032
44%
Her first Billboard number 1MacArthur Park
41%
City she was born inBoston
36%

Score Distribution

Percentile by Number Answered

Percent of People with Each Score

Your Score History

You have not taken this quiz